000 01106cam a22003014a 4500
001 12876378
003 OSt
005 20240611123718.0
008 020730s2003 ne a 001 0 eng
010 _a 2002110812
020 _a0125990200 (acidfree paper)
035 _a(DLC) 2002110812
040 _aDLC
_cMUST
_dDLC
042 _apcc
082 0 0 _a519.2
_221
_bROU 2003
100 1 _aRoussas, George G.
_917045
245 1 0 _aIntroduction to probablility and statistical inference /
_cGeorge Roussas.
260 _aAmsterdam ;
_aBoston :
_bAcademic Press,
_c2003.
300 _axiii, 523 p. :
_bill. ;
_c24 cm.
500 _aIncludes index.
650 0 _aProbabilities.
_92821
650 0 _aMathematical statistics.
_92460
856 4 2 _3Publisher description
_uhttp://www.loc.gov/catdir/description/els031/2002110812.html
856 4 1 _3Table of contents
_uhttp://www.loc.gov/catdir/toc/els031/2002110812.html
906 _a7
_bcbc
_corignew
_d2
_eepcn
_f20
_gy-gencatlg
942 _2ddc
_cO_SHELF
999 _c8378
_d8378